00759nam a22002417a 4500999001900000005001700019010001500036020002600051035001400077037001300091082001300104100001600117245014100133260004200274270006200316300002100378700001600399700002200415700001300437710002300450711001700473942002700490 c190108d19010820220718155019.0 aENG-133637 a9789388398671c350.00 aEN-117169 bDBAD/PUB a658.4063 aKannadas, P aInnovative Strategies Of Management In the Globalized Era - 2019;b Innternational Conference Proceeding/ced. by P. Kannadas[et al...]  aTamil NadubShanlax Publicationc2019 a61, 66 T.P.K. Main Road, Vasantha Nagar,bMaduraie625003 a418p.c24cm(pbk) aP. Kannadas aK. Chandrasekaran aD. Deepa aM. Palanivel Rajan aM. Premkumar 2ddccENh658.4063mINN